000 00330nam a2200133Ia 4500
005 20250423095953.0
008 250422s9999 xx 000 0 und d
020 _a9780980265835
100 _aLe Roux, W. & Van Marle, K.
245 0 _aLaw, Memory and the legacy of apartheid
260 _c2007
300 _a203 p
942 _cBK
999 _c31889
_d31889